01736cam a2200241 a 4500003000400000005001700004008004100021015001900062016001800081020001700099020001800116040002400134082001900158245014700177260010400324300003600428504005100464505083600515650004001351650004601391700003001437700002701467INP20181101143301.0060615s2007 enkab frb i001 0 eng d aGBA6592722bnb7 a0135048792Uk a100821365150 a9780821365151 aEG-INPcEG-INPbara04a338.9221bd e00aDelivering on the promise of pro-poor growth : binsights and lessons from country experiences / cTimothy Besley and Louise J. Cord, editors. aBasingstoke [England] ; aNew York : bPalgrave Macmillan ; aWashington DC : bWorld Bank, c2007. a253 p. : bill., map ; c23 cm. aIncludes bibliographical references and index.0 aOverview / Louise J. Cord -- How Indonesia connected the poor to rapid economic growth / C. Peter Timmer -- The policy origins of poverty and growth in India / Timothy Besley, Robin Burgess, and Berta Esteve-Volart -- Explaining pro-poor growth in Bangladesh: puzzles, evidence, and implications / Binayak Sen, Mustafa K. Muferi, and Quazi Shahabuddin -- Pro-poor growth in Vietnam: miracle or model? / Rainer Klump -- Ghana: the challenge of translating sustained growth into poverty reduction / Ernest Aryeetey and Andrew McKay -- Uganda's experience with operationalizing pro-poor growth, 1922 to 2003 / John A. Okidi ... [et al.] -- The success of pro-poor growth in rural and urban Tunisia / Mohamed Hédi Lahouel -- Human capital, inequality, and pro-poor growth in Brazil / Naércio Menezes-Filho and Lígia Vasconcellos. 0aEconomic developmentvCase studies. 0aPovertyxGovernment policyvCase studies.1 aBesley, Timothy, eEditor1 aCord, Louise, eEditor